|
|
|
|
| LEADER |
01188nam a2200289 a 4500 |
| 001 |
16256171 |
| 008 |
120805s2011 enka b 001 0 eng d |
| 010 |
|
|
|a 2010929684
|
| 020 |
|
|
|a 9781847879288 (alk. paper)
|
| 020 |
|
|
|a 1847879284 (alk. paper)
|
| 020 |
|
|
|a 9781847879295 (pbk. : alk. paper)
|
| 020 |
|
|
|a 1847879292 (pbk. : alk. paper)
|
| 040 |
|
|
|a UKM
|c UKM
|d MEU
|d EUM
|d CUS
|d LML
|d YDXCP
|d DEBBG
|d BWX
|d YOU
|d CDX
|d IQU
|d DLC
|d BD-DhAAL
|
| 082 |
0 |
0 |
|a 658.408
|2 23
|
| 100 |
1 |
|
|a Benn, Suzanne.
|
| 245 |
1 |
0 |
|a Key concepts in corporate social responsibility /
|c Suzanne Benn and Dianne Bolton.
|
| 246 |
3 |
0 |
|a Corporate social responsibility.
|
| 260 |
|
|
|a Los Angeles :
|b SAGE,
|c 2011.
|
| 300 |
|
|
|a x, 246 p. :
|b ill. ;
|c 22 cm.
|
| 490 |
1 |
|
|a SAGE key concepts.
|
| 504 |
|
|
|a Includes bibliographical references and index.
|
| 541 |
|
|
|e 00025886
|
| 650 |
|
0 |
|a Social responsibility of business.
|
| 700 |
1 |
|
|a Bolton, Dianne.
|
| 852 |
4 |
|
|a Ayesha Abed Library
|j General shelf.
|
| 999 |
|
|
|c 12719
|d 12719
|
| 952 |
|
|
|0 0
|1 0
|2 ddc
|4 0
|6 658_408000000000000_BEN
|7 0
|9 20969
|a IGS
|b IGS
|c GEN
|d 2012-08-06
|e Trim Education
|g 2595.00
|l 1
|m 3
|o 658.408 BEN
|p 3010025886
|r 2014-06-09
|s 2012-12-31
|t 1
|w 0000-00-00
|y BK
|x Available
|